000 00598nam a2200157Ia 4500
999 _c9438
_d9438
020 _a9788180699962
082 _a320.954
_bKUM-R
100 _aकुमार, ब्रिज बिहारी
_qKumar, Braj Bihari
245 0 _aराष्‍ट्रीय समस्याएँ
_b: चिन्ता एवं चिन्तन
246 _aRashtriya samasyayein: chinta avam chintan
260 _aNew Delhi
_bConcept Publishing
_c2014
300 _aviii, 168p
546 _aHindi
650 _aPolitics and government
_vSocial conditions
_vNational security
_zIndia
942 _cBK
_2ddc